[Event "ODJM B 2016"]
[Site "Willingen GER"]
[Date "2016.05.17"]
[Round "4"]
[White "Müller, Marvin"]
[Black "Fromm, Marius"]
[Result "1-0"]
[Termination "normal"]
[Board "1"]
[WhiteElo "1480"]
[BlackElo "1596"]
[PlyCount "53"]
[WhiteFideId "16214528"]
[BlackFideId "12993190"]
[EventCountry "GER"]
[EventRounds "9"]
[EventType "swiss"]
[EventDate "2016.05.14"]

1. e4 c5 2. Nf3 e6 3. d4 cxd4 4. Nxd4 Nf6 5. Nc3 Nc6 6. Nxc6 bxc6 7. Bd3 Be7 8.
O-O O-O 9. f4 Bb7 10. Qf3 Qc7 11. Qh3 d5 12. e5 Ne4 13. Nxe4 dxe4 14. Bxe4 g6
15. Rf3 Rfd8 16. Be3 Rd7 17. Qh6 Bf8 18. Qh4 Be7 19. Qg4 Rad8 20. Bd3 c5 21.
Rg3 h5 22. Qxh5 Bf8 23. Qh4 Qa5 24. Rh3 Bg7 25. f5 exf5 26. Bg5 Re8 27. Bf6 1-0

[Event "ODJM B 2016"]
[Site "Willingen GER"]
[Date "2016.05.17"]
[Round "4"]
[White "Wu, Erik"]
[Black "Rapp, Lukas"]
[Result "1/2-1/2"]
[Termination "normal"]
[Board "2"]
[WhiteElo "1462"]
[BlackElo "1572"]
[PlyCount "100"]
[WhiteFideId "12977489"]
[BlackFideId "12989320"]
[EventCountry "GER"]
[EventRounds "9"]
[EventType "swiss"]
[EventDate "2016.05.14"]

1. e4 e5 2. Nf3 Nc6 3. Bb5 Nge7 4. d4 exd4 5. Nxd4 Nxd4 6. Qxd4 c6 7. Bc4 d5 8.
exd5 Nxd5 9. Nc3 Be6 10. Nxd5 Bxd5 11. Bxd5 Qxd5 12. Qxd5 cxd5 13. O-O O-O-O
14. Rd1 Bc5 15. Rd3 d4 16. b3 Rhe8 17. Bb2 Re2 18. Rc1 Rde8 19. Kf1 Bb4 20.
Rdd1 Bd2 21. Rb1 Ba5 22. Bxd4 Rxc2 23. Rbc1 Ree2 24. a4 f6 25. Bxa7 b6 26.
Rxc2+ Rxc2 27. b4 Bxb4 28. Bxb6 Ra2 29. Rd4 Rxa4 30. Rc4+ Kb7 31. Bd4 Ka6 32.
Bc3 Kb5 33. Rxb4+ Rxb4 34. Bxb4 Kxb4 35. Ke2 Kc4 36. Ke3 Kd5 37. Kf4 g6 38. h4
h5 39. f3 Ke6 40. g4 hxg4 41. fxg4 Kd6 42. g5 f5 43. h5 gxh5 44. Kxf5 h4 45.
Kg4 h3 46. Kxh3 Ke7 47. Kg4 Kf7 48. Kf5 Kg7 49. g6 Kg8 50. Kg5 Kg7 1/2-1/2

[Event "ODJM B 2016"]
[Site "Willingen GER"]
[Date "2016.05.17"]
[Round "4"]
[White "Oberhofer, Marie"]
[Black "Fuhrmann, Philipp"]
[Result "1/2-1/2"]
[Termination "normal"]
[Board "4"]
[WhiteElo "1601"]
[BlackElo "1459"]
[PlyCount "81"]
[WhiteFideId "12938165"]
[BlackFideId "16227557"]
[EventCountry "GER"]
[EventRounds "9"]
[EventType "swiss"]
[EventDate "2016.05.14"]

1. e4 e5 2. Nf3 Nc6 3. Bb5 a6 4. Ba4 Nf6 5. O-O b5 6. Bb3 Bc5 7. Re1 d6 8. h3
Bb7 9. c3 O-O 10. d4 exd4 11. cxd4 Bb4 12. Nc3 Ne7 13. Bc2 Ng6 14. Nh2 Re8 15.
f3 c5 16. Be3 Qc7 17. d5 Ne5 18. Bb3 Rac8 19. Qe2 h6 20. Red1 Kh8 21. Rac1 Ng6
22. Nf1 c4 23. Bc2 Bc5 24. Ng3 Ne7 25. Bxc5 Qxc5+ 26. Qf2 Qxf2+ 27. Kxf2 g6 28.
Nce2 Nd7 29. Nd4 Ne5 30. Nge2 Ng8 31. Nf4 Nf6 32. g4 Rcd8 33. h4 Kh7 34. g5 Ng8
35. Nfe2 h5 36. Rg1 Ne7 37. Ng3 Rc8 38. Bb1 Kg7 39. Nge2 Red8 40. Kg3 Rc5 41.
Nf4 1/2-1/2

[Event "ODJM B 2016"]
[Site "Willingen GER"]
[Date "2016.05.17"]
[Round "4"]
[White "Leimbach, Tim Vincent"]
[Black "Straßburg, Robin Leonard"]
[Result "1/2-1/2"]
[Termination "normal"]
[Board "5"]
[WhiteElo "1640"]
[BlackElo "1819"]
[PlyCount "41"]
[WhiteFideId "12988600"]
[BlackFideId "16210018"]
[EventCountry "GER"]
[EventRounds "9"]
[EventType "swiss"]
[EventDate "2016.05.14"]

1. e4 d5 2. exd5 Qxd5 3. Nc3 Qa5 4. b4 Qb6 5. Nf3 c6 6. a3 Bf5 7. Be2 Nf6 8.
O-O e6 9. d4 Bd6 10. Na4 Qc7 11. c4 Nbd7 12. c5 Be7 13. Nc3 O-O 14. Nh4 Bg6 15.
Nxg6 hxg6 16. Be3 Nd5 17. Nxd5 exd5 18. g3 Nf6 19. Bg5 Ne4 20. Bxe7 Qxe7 21.
Re1 1/2-1/2

[Event "ODJM B 2016"]
[Site "Willingen GER"]
[Date "2016.05.17"]
[Round "4"]
[White "Kolb, Verena"]
[Black "Schiewe, Nadin"]
[Result "1-0"]
[Termination "normal"]
[Board "6"]
[WhiteElo "1650"]
[BlackElo "1292"]
[PlyCount "123"]
[WhiteFideId "12992313"]
[BlackFideId "16209079"]
[EventCountry "GER"]
[EventRounds "9"]
[EventType "swiss"]
[EventDate "2016.05.14"]

1. e4 d5 2. exd5 Qxd5 3. Nc3 Qa5 4. Bc4 c6 5. d3 Bf5 6. Bd2 Qc7 7. Qf3 e6 8.
Nge2 Nf6 9. O-O-O Bd6 10. Bf4 Bxf4+ 11. Qxf4 Qxf4+ 12. Nxf4 O-O 13. Nce2 a5 14.
a3 b5 15. Ba2 c5 16. Ng3 Nbd7 17. Nxf5 exf5 18. Nd5 Nxd5 19. Bxd5 Ra6 20. Rhe1
Nf6 21. Re5 g6 22. Ba2 Rc6 23. f3 a4 24. d4 Nd7 25. Rd5 Rc7 26. dxc5 Nxc5 27.
Rd8 Rxd8 28. Rxd8+ Kg7 29. Rb8 Rb7 30. Rxb7 Nxb7 31. Bd5 Nd6 32. Kd2 Kf6 33.
Kc3 Ke5 34. Bc6 h5 35. g3 g5 36. b3 axb3 37. cxb3 f4 38. gxf4+ Kxf4 39. a4 bxa4
40. bxa4 f5 41. a5 Nc8 42. Kd3 g4 43. Ke2 g3 44. hxg3+ Kxg3 45. Bd7 h4 46. Bxc8
h3 47. Bb7 f4 48. a6 h2 49. a7 h1=Q 50. a8=Q Qg2+ 51. Kd3 Qf1+ 52. Kd4 Qd1+ 53.
Ke5 Qe2+ 54. Be4 Qc4 55. Qd5 Qc7+ 56. Qd6 Qg7+ 57. Kf5 Qh7+ 58. Qg6+ Qxg6+ 59.
Kxg6 Kh4 60. Kf5 Kg3 61. Kg5 Kf2 62. Kxf4 1-0

[Event "ODJM B 2016"]
[Site "Willingen GER"]
[Date "2016.05.17"]
[Round "4"]
[White "Rachor, Felix"]
[Black "Leßmann, Sönke"]
[Result "1-0"]
[Termination "normal"]
[Board "7"]
[WhiteElo "1580"]
[BlackElo "1408"]
[PlyCount "51"]
[WhiteFideId "16200209"]
[BlackFideId "16222520"]
[EventCountry "GER"]
[EventRounds "9"]
[EventType "swiss"]
[EventDate "2016.05.14"]

1. e4 e5 2. Nf3 Nc6 3. Bc4 Bc5 4. c3 Nf6 5. d3 d6 6. Nbd2 O-O 7. Bb3 Ne7 8. h3
Ng6 9. Nf1 c6 10. g4 Qb6 11. Qe2 Be6 12. Bc2 d5 13. b4 Bd6 14. Ng3 dxe4 15.
dxe4 a5 16. Be3 Qc7 17. bxa5 Rxa5 18. a4 Rfa8 19. O-O b5 20. Qd1 bxa4 21. Rxa4
Be7 22. Nf5 Rxa4 23. Bxa4 Qa5 24. Bxc6 Qxc3 25. Bxa8 Bc4 26. Nxe7+ 1-0

[Event "ODJM B 2016"]
[Site "Willingen GER"]
[Date "2016.05.17"]
[Round "4"]
[White "Gloyer, Fabian"]
[Black "Haase, Dominik"]
[Result "0-1"]
[Termination "normal"]
[Board "8"]
[WhiteElo "1386"]
[BlackElo "1468"]
[PlyCount "60"]
[WhiteFideId "16205944"]
[BlackFideId "16208781"]
[EventCountry "GER"]
[EventRounds "9"]
[EventType "swiss"]
[EventDate "2016.05.14"]

1. e4 e6 2. d4 d5 3. e5 c5 4. c3 Nc6 5. Nf3 Bd7 6. Be3 Qb6 7. Qc1 Rc8 8. Qd2
cxd4 9. cxd4 Bb4 10. Nc3 Nge7 11. Bd3 Ba5 12. a3 Bxc3 13. bxc3 Na5 14. Rb1 Qc7
15. Be2 Nf5 16. Bf4 O-O 17. O-O Qxc3 18. Qb2 Qxb2 19. Rxb2 Rc7 20. Rfb1 Rb8 21.
g4 Ne7 22. Ba6 b6 23. Bg5 Ng6 24. h4 Rc3 25. Nh2 h6 26. Bd2 Rxa3 27. h5 Nf8 28.
Bb4 Ra4 29. Rc1 Nc6 30. Bd6 Rxa6 0-1

[Event "ODJM B 2016"]
[Site "Willingen GER"]
[Date "2016.05.17"]
[Round "4"]
[White "Tran, Minh Dat"]
[Black "Arnold, Leander"]
[Result "0-1"]
[Termination "normal"]
[Board "9"]
[WhiteElo "1258"]
[BlackElo "1618"]
[PlyCount "58"]
[WhiteFideId "16244702"]
[BlackFideId "12990230"]
[EventCountry "GER"]
[EventRounds "9"]
[EventType "swiss"]
[EventDate "2016.05.14"]

1. e4 e6 2. d4 d5 3. e5 c5 4. c3 Nc6 5. Nf3 Qb6 6. a3 a5 7. Bd3 Bd7 8. Be2 h6
9. O-O Nge7 10. Qd2 Nf5 11. Rd1 Rc8 12. Bd3 cxd4 13. Bxf5 exf5 14. Nxd4 Bc5 15.
Nxc6 Bxf2+ 16. Qxf2 Qxc6 17. Qd4 Be6 18. b3 O-O 19. Qa4 Qb6+ 20. Kf1 Rfd8 21.
Ke2 d4 22. b4 Bc4+ 23. Ke1 dxc3 24. Rxd8+ Rxd8 25. Qe8+ Rxe8 26. Nxc3 Rxe5+ 27.
Kd2 Qf2+ 28. Ne2 Qxe2+ 29. Kc3 Qd3+ 0-1

[Event "ODJM B 2016"]
[Site "Willingen GER"]
[Date "2016.05.17"]
[Round "4"]
[White "Leib, Amina"]
[Black "Rempe, Mieke"]
[Result "1-0"]
[Termination "normal"]
[Board "10"]
[WhiteElo "1510"]
[BlackElo "1345"]
[PlyCount "37"]
[WhiteFideId "12982970"]
[BlackFideId "16202384"]
[EventCountry "GER"]
[EventRounds "9"]
[EventType "swiss"]
[EventDate "2016.05.14"]

1. e4 e5 2. Nf3 Nc6 3. Bc4 Nf6 4. Nc3 Bb4 5. d3 O-O 6. O-O d6 7. h3 h6 8. Be3
Ne7 9. a3 Bxc3 10. bxc3 Ng6 11. Re1 Nh5 12. Nxe5 Nhf4 13. Nxg6 Nxg6 14. Qh5 Qe7
15. Qxg6 b5 16. Bxh6 Qe5 17. d4 Qf6 18. Qxf6 gxf6 19. Bxf8 1-0

[Event "ODJM B 2016"]
[Site "Willingen GER"]
[Date "2016.05.17"]
[Round "4"]
[White "Niemann, Leon"]
[Black "Lilienthal, Niels Bennett"]
[Result "1/2-1/2"]
[Termination "normal"]
[Board "11"]
[WhiteElo "1421"]
[BlackElo "1558"]
[PlyCount "128"]
[WhiteFideId "16218388"]
[BlackFideId "16205421"]
[EventCountry "GER"]
[EventRounds "9"]
[EventType "swiss"]
[EventDate "2016.05.14"]

1. c4 g6 2. g3 Bg7 3. Bg2 Nf6 4. Nf3 O-O 5. O-O d6 6. d4 Nbd7 7. Nc3 c5 8. d5
Nb6 9. Nd2 Re8 10. Qc2 Rb8 11. b3 e6 12. dxe6 Bxe6 13. e4 Bg4 14. Bb2 Bd7 15.
Rfe1 Bc6 16. Nd5 Bxd5 17. exd5 Qd7 18. Qc3 Nh5 19. Qc2 Bxb2 20. Qxb2 Rxe1+ 21.
Rxe1 Re8 22. Rf1 Qe7 23. Ne4 f5 24. Nc3 Nd7 25. Bf3 Nhf6 26. Qd2 Ne5 27. Bg2
Nf7 28. h4 Ne5 29. Nb5 a6 30. Nc3 Neg4 31. Bf3 Kg7 32. Kg2 Qe5 33. Kg1 Qe7 34.
Kg2 Ne5 35. Be2 Nfg4 36. f4 Nd7 37. Bxg4 fxg4 38. Rf2 Qe3 39. Qxe3 Rxe3 40. Re2
Rxe2+ 41. Nxe2 Kf6 42. Kf2 Kf5 43. Ke3 h6 44. Nc1 Nf6 45. Ne2 Ne4 46. Kd3 g5
47. hxg5 hxg5 48. fxg5 Nxg5 49. Ng1 Ke5 50. Ke3 b5 51. a3 bxc4 52. bxc4 Nh7 53.
Ne2 Nf6 54. Nc3 Nd7 55. Kd3 Kf5 56. Kc2 Ke5 57. Kd3 Kf5 58. Kc2 Nb6 59. Kd3 Ke5
60. Nd1 Nd7 61. Nc3 Kf5 62. Kc2 Nb6 63. Kd3 Ke5 64. Nd1 Nd7 1/2-1/2

[Event "ODJM B 2016"]
[Site "Willingen GER"]
[Date "2016.05.17"]
[Round "4"]
[White "Von Jan, Lena"]
[Black "Rockmann, Enno"]
[Result "1-0"]
[Termination "normal"]
[Board "12"]
[WhiteElo "1420"]
[BlackElo "1414"]
[PlyCount "93"]
[WhiteFideId "12946060"]
[BlackFideId "12982920"]
[EventCountry "GER"]
[EventRounds "9"]
[EventType "swiss"]
[EventDate "2016.05.14"]

1. e4 e5 2. Nf3 Nc6 3. Bb5 d6 4. c3 Nf6 5. d3 Bd7 6. O-O Ne7 7. Bc4 Ng6 8. Qb3
d5 9. exd5 b6 10. Nbd2 Bg4 11. Bb5+ Nd7 12. Re1 Bd6 13. h3 Bxf3 14. Nxf3 O-O
15. Bxd7 Qxd7 16. d4 exd4 17. Nxd4 Ne7 18. c4 Bc5 19. Be3 Bxd4 20. Bxd4 c6 21.
dxc6 Nxc6 22. Bc3 Rfe8 23. Qc2 Rxe1+ 24. Rxe1 Rd8 25. Qe2 h6 26. Qg4 Qxg4 27.
hxg4 Rd6 28. f3 f6 29. Kf2 Kf7 30. Re2 Re6 31. Rxe6 Kxe6 32. Ke3 g6 33. g3 g5
34. f4 Kf7 35. Ke4 Ne7 36. Bb4 Ng6 37. Kf5 gxf4 38. gxf4 Nh4+ 39. Ke4 f5+ 40.
gxf5 Kf6 41. Bc3+ Kf7 42. Be1 Ng2 43. Bf2 Kf6 44. Kf3 Kxf5 45. Kxg2 Kxf4 46.
Bg3+ Kg4 47. Bb8 1-0

[Event "ODJM B 2016"]
[Site "Willingen GER"]
[Date "2016.05.17"]
[Round "4"]
[White "Rautenberg, Jakob"]
[Black "Zell, Mirjam"]
[Result "1/2-1/2"]
[Termination "normal"]
[Board "13"]
[WhiteElo "1704"]
[BlackElo "1677"]
[PlyCount "98"]
[WhiteFideId "16214749"]
[BlackFideId "16208544"]
[EventCountry "GER"]
[EventRounds "9"]
[EventType "swiss"]
[EventDate "2016.05.14"]

1. e4 e5 2. Nf3 Nc6 3. d4 exd4 4. Nxd4 Bc5 5. Be3 Qf6 6. c3 Bb6 7. Bc4 Nge7 8.
O-O O-O 9. Na3 Qg6 10. f3 d6 11. Nac2 Kh8 12. Kh1 Bd7 13. Nxc6 Nxc6 14. Bxb6
axb6 15. Nd4 Nxd4 16. cxd4 f5 17. Bd3 Qf6 18. Bc2 Rae8 19. Qd3 Re7 20. exf5
Bxf5 21. Qxf5 Qxf5 22. Bxf5 Rxf5 23. Rfe1 Rff7 24. Kg1 Kg8 25. Kf2 Kf8 26. Re3
Rxe3 27. Kxe3 Re7+ 28. Kd2 Ke8 29. Re1 Rxe1 30. Kxe1 Ke7 31. Ke2 Ke6 32. Kd3
Kd5 33. g4 c5 34. dxc5 bxc5 35. b3 b5 36. h4 c4+ 37. bxc4+ bxc4+ 38. Kc3 Kc5
39. f4 d5 40. f5 d4+ 41. Kc2 Kb4 42. g5 d3+ 43. Kd2 Ka3 44. Kc3 d2 45. Kxd2 Kb2
46. Ke2 c3 47. f6 gxf6 48. gxf6 c2 49. f7 c1=Q 1/2-1/2

[Event "ODJM B 2016"]
[Site "Willingen GER"]
[Date "2016.05.17"]
[Round "4"]
[White "Giede, Anna-Blume"]
[Black "Reuter, Max"]
[Result "1/2-1/2"]
[Termination "normal"]
[Board "14"]
[WhiteElo "1506"]
[BlackElo "1268"]
[PlyCount "97"]
[WhiteFideId "12921980"]
[BlackFideId "16263715"]
[EventCountry "GER"]
[EventRounds "9"]
[EventType "swiss"]
[EventDate "2016.05.14"]

1. d4 f5 2. Bf4 b6 3. e3 Nf6 4. Nd2 Bb7 5. Ngf3 e6 6. a3 Nc6 7. Bd3 Ne7 8. h3
d6 9. Qe2 Qd7 10. Bb5 Nc6 11. O-O-O O-O-O 12. Qc4 h6 13. Rhe1 g5 14. Bg3 Ne4
15. Nxe4 fxe4 16. Nd2 d5 17. Qe2 Bd6 18. Kb1 h5 19. Rc1 h4 20. Bxd6 Qxd6 21. f3
e5 22. Bxc6 Bxc6 23. fxe4 dxe4 24. Nxe4 Bxe4 25. Qg4+ Kb8 26. Qxe4 exd4 27.
exd4 Qxd4 28. Qxd4 Rxd4 29. Rcd1 Rhd8 30. Kc1 c5 31. Rxd4 Rxd4 32. c3 Rf4 33.
Kd2 Kc7 34. Re3 Kc6 35. Rf3 Kd5 36. Kd3 Ke5 37. Ke3 a5 38. Rxf4 gxf4+ 39. Kd3
b5 40. c4 bxc4+ 41. Kxc4 f3 42. gxf3 Kf4 43. Kxc5 Kg3 44. f4 Kxf4 45. Kd4 a4
46. Kd3 Kg3 47. Ke3 Kxh3 48. Kf3 Kh2 49. Kf2 1/2-1/2

[Event "ODJM B 2016"]
[Site "Willingen GER"]
[Date "2016.05.17"]
[Round "4"]
[White "von Pückler, Konstantin"]
[Black "Winterberg, Johanna"]
[Result "1/2-1/2"]
[Termination "normal"]
[Board "15"]
[WhiteElo "1327"]
[BlackElo "1755"]
[PlyCount "93"]
[WhiteFideId "16205847"]
[BlackFideId "12929344"]
[EventCountry "GER"]
[EventRounds "9"]
[EventType "swiss"]
[EventDate "2016.05.14"]

1. d4 Nf6 2. c4 e6 3. Nf3 d5 4. Nc3 Bb4 5. e3 O-O 6. Bd2 c5 7. cxd5 cxd4 8.
exd4 Nxd5 9. Bd3 Nc6 10. Qc2 Nf6 11. a3 Ba5 12. Be3 a6 13. O-O b5 14. b4 Bb6
15. Ne2 Bb7 16. Qd2 Qe7 17. Ne5 Rfd8 18. Nxc6 Bxc6 19. Rac1 Rac8 20. Rfd1 Rd7
21. Qb2 Nd5 22. Be4 Rdc7 23. Ng3 Qh4 24. Bxd5 Bxd5 25. Rxc7 Rxc7 26. Qd2 Qd8
27. Nh5 Be4 28. Rc1 Rc4 29. Rxc4 bxc4 30. Ng3 Bg6 31. f3 Qc8 32. Qc3 Qc7 33.
Ne4 a5 34. Nc5 axb4 35. axb4 Bxc5 36. dxc5 Bd3 37. Bd4 f6 38. b5 e5 39. Be3 Qb7
40. Qa5 e4 41. c6 Qc8 42. c7 exf3 43. gxf3 Qh3 44. Qa1 Be2 45. Qe1 Bxf3 46. Qf2
Bb7 47. b6 1/2-1/2

[Event "ODJM B 2016"]
[Site "Willingen GER"]
[Date "2016.05.17"]
[Round "4"]
[White "Zwecker, Conrad"]
[Black "Ziegenfuß, Larissa"]
[Result "1-0"]
[Termination "normal"]
[Board "16"]
[WhiteElo "1430"]
[BlackElo "1526"]
[PlyCount "93"]
[WhiteFideId "12971391"]
[BlackFideId "12974722"]
[EventCountry "GER"]
[EventRounds "9"]
[EventType "swiss"]
[EventDate "2016.05.14"]

1. e4 c5 2. Nf3 e6 3. Be2 Nc6 4. c3 Be7 5. d4 cxd4 6. cxd4 d5 7. e5 f6 8. exf6
Nxf6 9. O-O O-O 10. Bf4 Ne4 11. Be5 Nxe5 12. Nxe5 Bf6 13. Nf3 Qb6 14. b3 Be7
15. Nbd2 Nc3 16. Qe1 Bf6 17. Rc1 Nxe2+ 18. Qxe2 Bxd4 19. Nxd4 Qxd4 20. Nf3 Qg4
21. Rc7 Qf4 22. Rfc1 Re8 23. Rxc8 Qg4 24. h3 Qf5 25. Nd4 Raxc8 26. Rxc8 Qb1+
27. Kh2 Rxc8 28. Qxe6+ Kf8 29. Qxc8+ Kf7 30. Qf5+ Qxf5 31. Nxf5 Kf6 32. Ne3 Ke5
33. Kg1 d4 34. Nd1 Ke4 35. Kf1 Kd3 36. Ke1 Kc2 37. f4 Kd3 38. g4 Ke4 39. f5 Kf4
40. Kf2 a6 41. a4 b5 42. axb5 axb5 43. Nb2 Ke4 44. Ke2 h5 45. Nd3 hxg4 46. hxg4
Kd5 47. Kf3 1-0

[Event "ODJM B 2016"]
[Site "Willingen GER"]
[Date "2016.05.17"]
[Round "4"]
[White "Frank, Carolin"]
[Black "Schulze, Lukas"]
[Result "1-0"]
[Termination "normal"]
[Board "17"]
[WhiteElo "1407"]
[BlackElo "1299"]
[PlyCount "120"]
[WhiteFideId "16207190"]
[BlackFideId "12956856"]
[EventCountry "GER"]
[EventRounds "9"]
[EventType "swiss"]
[EventDate "2016.05.14"]

1. Nf3 d5 2. g3 Nf6 3. Bg2 g6 4. d4 c5 5. c4 cxd4 6. cxd5 Qxd5 7. Qxd4 Bg7 8.
Nc3 Qxd4 9. Nxd4 a6 10. O-O O-O 11. Rd1 Rd8 12. Bg5 h6 13. Be3 e5 14. Nb3 Rxd1+
15. Rxd1 Nbd7 16. Nc5 Rb8 17. Bh3 Nxc5 18. Rd8+ Kh7 19. Bxc5 Bxh3 20. Rxb8 Nd7
21. Rc8 Nxc5 22. Rxc5 Bg4 23. f3 e4 24. Kg2 exf3+ 25. exf3 Be6 26. a3 Bd4 27.
Rc7 b6 28. Rc6 Bb3 29. Ne4 b5 30. Nc5 Bxb2 31. Nxb3 Bxa3 32. Rxa6 b4 33. Rb6
Kg7 34. Nd4 Kf8 35. Nc2 Bb2 36. Rxb4 Bc3 37. Rc4 Bg7 38. Rc7 Ke8 39. Ne3 Be5
40. Rb7 Bd4 41. Ng4 h5 42. Nh6 f6 43. h3 g5 44. Nf5 Be5 45. h4 Kd8 46. Ng7 Kc8
47. Rf7 Kd8 48. Nxh5 Ke8 49. Rb7 Kf8 50. hxg5 fxg5 51. Rb5 Bd6 52. Rxg5 Be7 53.
Rb5 Bd6 54. g4 Be7 55. f4 Kg8 56. g5 Kf7 57. Rb6 Bc5 58. Rf6+ Ke7 59. g6 Bd4
60. Rf5 Ke6 1-0

[Event "ODJM B 2016"]
[Site "Willingen GER"]
[Date "2016.05.17"]
[Round "4"]
[White "Klugstedt, Vincent"]
[Black "Knerr, Sebastian"]
[Result "0-1"]
[Termination "normal"]
[Board "18"]
[WhiteElo "1281"]
[BlackElo "1418"]
[PlyCount "136"]
[WhiteFideId "16216393"]
[BlackFideId "16266013"]
[EventCountry "GER"]
[EventRounds "9"]
[EventType "swiss"]
[EventDate "2016.05.14"]

1. d4 d5 2. Nf3 e6 3. Bf4 Nf6 4. e3 Nbd7 5. Nbd2 Be7 6. Bd3 b6 7. O-O Bb7 8. h3
O-O 9. c4 c5 10. Qc2 dxc4 11. Bxc4 Nd5 12. Bxd5 Bxd5 13. e4 Bb7 14. dxc5 Nxc5
15. Rad1 Qd3 16. Qxd3 Nxd3 17. Be5 f6 18. Bc3 e5 19. Ne1 Ba6 20. Nxd3 Bxd3 21.
Rfe1 Rfd8 22. f3 Bc5+ 23. Kh2 Bf2 24. Rh1 Rd7 25. Nb3 Rad8 26. Nc1 Bc2 27. Rxd7
Rxd7 28. Rf1 Be3 29. Re1 Bh6 30. Ne2 Rd1 31. Rxd1 Bxd1 32. Nc1 Bxc1 33. Kg1 Bf4
34. Kf2 Ba4 35. g3 Bh6 36. Ke1 Bc2 37. a3 Bd3 38. h4 Be3 39. Kd1 Bd4 40. Kd2
Bxc3+ 41. bxc3 Ba6 42. Ke3 Kf7 43. f4 Ke6 44. f5+ Kd6 45. Kd2 g6 46. g4 gxf5
47. exf5 Bf1 48. Ke3 Bg2 49. Kf2 Bd5 50. Ke3 Bf7 51. h5 Kd5 52. Kd3 Kc5 53. Kc2
Kc4 54. h6 a6 55. a4 a5 56. Kb2 Kd3 57. Kc1 Kxc3 58. Kd1 Kb4 59. Kc2 Kxa4 60.
Kc3 Ka3 61. Kc2 a4 62. g5 fxg5 63. f6 g4 64. Kc3 g3 65. Kc2 g2 66. Kc3 g1=Q 67.
Kc2 Qe3 68. Kd1 Bb3# 0-1

[Event "ODJM B 2016"]
[Site "Willingen GER"]
[Date "2016.05.17"]
[Round "4"]
[White "Jahrke, Jonas"]
[Black "Rempe, Jonas"]
[Result "0-1"]
[Termination "normal"]
[Board "19"]
[WhiteElo "1526"]
[BlackElo "1245"]
[PlyCount "76"]
[WhiteFideId "12984353"]
[BlackFideId "16202406"]
[EventCountry "GER"]
[EventRounds "9"]
[EventType "swiss"]
[EventDate "2016.05.14"]

1. e4 e5 2. Nf3 Nc6 3. Bc4 Nf6 4. Ng5 d5 5. exd5 Na5 6. Bb5+ c6 7. dxc6 bxc6 8.
Qf3 Be7 9. Bxc6+ Nxc6 10. Qxc6+ Bd7 11. Qc4 O-O 12. Nc3 Rc8 13. Qe2 h6 14. Nf3
Re8 15. d3 Bc6 16. O-O Bd6 17. Be3 e4 18. dxe4 Nxe4 19. Nxe4 Rxe4 20. Rad1 Qf6
21. Rd4 Rce8 22. c3 Qg6 23. Rfd1 Bc7 24. Rxe4 Rxe4 25. Qd3 f5 26. h3 Ra4 27. a3
Bxf3 28. Qf1 Bxd1 29. Qxd1 Rh4 30. c4 Kh7 31. Qf3 f4 32. Bd4 Bb6 33. Be5 Rh5
34. Bxf4 Rf5 35. b4 Bc7 36. c5 Rxf4 37. Qb7 Qb1+ 38. Kh2 Rf7+ 0-1

[Event "ODJM B 2016"]
[Site "Willingen GER"]
[Date "2016.05.17"]
[Round "4"]
[White "Zimmer, Claudius"]
[Black "Winterberg, Martin"]
[Result "1-0"]
[Termination "normal"]
[Board "20"]
[WhiteElo "1395"]
[BlackElo "1046"]
[PlyCount "76"]
[BlackFideId "16245091"]
[EventCountry "GER"]
[EventRounds "9"]
[EventType "swiss"]
[EventDate "2016.05.14"]

1. e4 e5 2. Nf3 Nc6 3. d4 exd4 4. Bc4 Bc5 5. c3 Nf6 6. cxd4 Bb4+ 7. Bd2 Nxe4 8.
Bxb4 Nxb4 9. Bxf7+ Kxf7 10. Qb3+ Ke8 11. Qxb4 Qe7 12. Qxe7+ Kxe7 13. O-O d5 14.
Re1 Bf5 15. Nfd2 Kd7 16. Nxe4 Bxe4 17. Nc3 Rae8 18. f3 Bg6 19. Nxd5 Rxe1+ 20.
Rxe1 Bf7 21. Re7+ Kd6 22. Rxf7 Kxd5 23. Rxc7 Kxd4 24. Rxb7 Rc8 25. Rxa7 Ke3 26.
Re7+ Kd3 27. Rxg7 Rc1+ 28. Kf2 Rc2+ 29. Kg3 Rxb2 30. Rxh7 Rxa2 31. h4 Ra5 32.
h5 Kd4 33. h6 Rg5+ 34. Kf2 Ke5 35. Rh8 Kf6 36. h7 Rh5 37. Rf8+ Kg7 38. h8=Q+
Rxh8 1-0

[Event "ODJM B 2016"]
[Site "Willingen GER"]
[Date "2016.05.17"]
[Round "4"]
[White "Götz, Timon"]
[Black "Grone, Lion"]
[Result "0-1"]
[Termination "normal"]
[Board "21"]
[WhiteElo "1268"]
[BlackElo "1392"]
[PlyCount "78"]
[WhiteFideId "16245040"]
[BlackFideId "16245032"]
[EventCountry "GER"]
[EventRounds "9"]
[EventType "swiss"]
[EventDate "2016.05.14"]

1. c4 e6 2. e3 d5 3. cxd5 exd5 4. Nf3 Nf6 5. d3 c5 6. Nbd2 Nc6 7. b3 Be7 8. Be2
O-O 9. Bb2 b5 10. d4 c4 11. O-O Bf5 12. Re1 Rc8 13. a3 Na5 14. Rc1 Ne4 15. bxc4
Nxc4 16. Nxc4 bxc4 17. Nd2 Qa5 18. Nxe4 Bxe4 19. Rc3 Rb8 20. Qa1 Rb7 21. Bf1
Rfb8 22. Re2 Rb3 23. Rxb3 Rxb3 24. a4 Bb4 25. f3 Bd3 26. Rf2 Be1 27. Bxd3 Bxf2+
28. Kxf2 Qd2+ 29. Kg3 Rxb2 30. Bf1 Qb4 31. Bxc4 dxc4 32. h3 c3 33. d5 Qd6+ 34.
f4 Qxd5 35. e4 Qxe4 36. Qd1 Rxg2+ 37. Kh4 Qxf4+ 38. Qg4 Qh6+ 39. Qh5 g5# 0-1

[Event "ODJM B 2016"]
[Site "Willingen GER"]
[Date "2016.05.17"]
[Round "4"]
[White "Arndt, Lena"]
[Black "Grey, Andrea"]
[Result "1/2-1/2"]
[Termination "normal"]
[Board "22"]
[WhiteElo "1124"]
[BlackElo "1428"]
[PlyCount "79"]
[WhiteFideId "16262476"]
[BlackFideId "12971880"]
[EventCountry "GER"]
[EventRounds "9"]
[EventType "swiss"]
[EventDate "2016.05.14"]

1. e4 c5 2. Nf3 Nc6 3. d4 cxd4 4. Nxd4 g6 5. c4 Bg7 6. Be3 d6 7. Be2 a6 8. Nc3
Nf6 9. O-O O-O 10. Qd2 Bd7 11. Rac1 Rc8 12. b3 Nxd4 13. Bxd4 Bc6 14. f3 Qd7 15.
Qd3 Rb8 16. a4 e6 17. Bb6 d5 18. Rfd1 dxc4 19. Qxc4 Qc8 20. a5 Nd7 21. Bd4
Bxd4+ 22. Qxd4 Qc7 23. b4 Qe5 24. Qxe5 Nxe5 25. Ra1 Rfd8 26. Rxd8+ Rxd8 27. b5
axb5 28. Bxb5 Bxb5 29. Nxb5 Ra8 30. Nc7 Rc8 31. Nb5 Rc6 32. f4 Nc4 33. Nd4 Ra6
34. Nb3 Kf8 35. Kf2 Ke7 36. Ke2 f6 37. g4 e5 38. f5 gxf5 39. gxf5 Kf7 40. Kf3
1/2-1/2

[Event "ODJM B 2016"]
[Site "Willingen GER"]
[Date "2016.05.17"]
[Round "4"]
[White "Schilay, Maria"]
[Black "Waligora, Franciszek"]
[Result "1-0"]
[Termination "normal"]
[Board "23"]
[WhiteElo "1210"]
[BlackElo "1021"]
[PlyCount "41"]
[WhiteFideId "12942979"]
[BlackFideId "4005120"]
[EventCountry "GER"]
[EventRounds "9"]
[EventType "swiss"]
[EventDate "2016.05.14"]

1. e4 d5 2. exd5 c6 3. dxc6 Nxc6 4. Nc3 e5 5. Nf3 Nf6 6. Bb5 Bd6 7. O-O O-O 8.
d3 Nd4 9. Nxd4 exd4 10. Ne2 Bc7 11. Bc4 Ng4 12. h3 Qh4 13. Bf4 Bxf4 14. Nxf4
Nf6 15. Qf3 Re8 16. Rae1 Rxe1 17. Rxe1 Kf8 18. Nd5 Nxd5 19. Bxd5 f6 20. Qe2 g6
21. Qe7# 1-0